[Event "Knighthood Blitz"]
[Site "Vishy Anand Arena"]
[Date "2020.08.01"]
[Round "2"]
[White "Ishan2559"]
[Black "Hickey"]
[Result "0-1"]
[WhiteElo "1620"]
[BlackElo "2137"]
[Annotator "NA"]
[PlyCount "110"]
[EventDate "2020.08.01"]
[EventType "swiss (blitz)"]

1. e4 c6 2. d4 d5 3. exd5 cxd5 4. Nf3 Nc6 5. Bb5 Nf6 6. O-O Bg4 7. h3 Bxf3 8. Qxf3 e6 9. c3 Be7 10. Nd2 O-O 11. Nb3 a6 12. Bd3 Rc8 13. Bf4 Bd6 14. Bg5 h6 15. Bh4 Be7 16. Bg3 Na5 17. Nxa5 Qxa5 18. Be5 b5 19. Qe2 Qb6 20. Kh1 Rc6 21. f4 b4 22. f5 bxc3 23. bxc3 Re8 24. fxe6 Rxe6 25. Bxa6 Ne4 26. Qb5 Bf6 27. Bxf6 Qxa6 28. Qxa6 Rxa6 29. Be5 Rea8 30. c4 f6 31. Bf4 g5 32. Be3 Ng3+ 33. Kh2 Nxf1+ 34. Rxf1 dxc4 35. d5 Rd8 36. Bd4 Rxd5 37. Bxf6 Rxa2 38. Bc3 Rd3 39. Bb4 c3 40. Rf8+ Kh7 41. Rc8 Rdd2 42. Rc7+ Kg6 43. Rc6+ Kh5 44. Bxc3 Rxg2+ 45. Kh1 Rgc2 46. Rc4 Ra3 47. h4 Raxc3 48. Rxc3 Rxc3 49. hxg5 hxg5 50. Kg2 Kg4 51. Kf2 Rc2+ 52. Kg1 Kf5 53. Kf1 Kf4 54. Kg1 Kf3 55. Kh1 Kg3 0-1

[Event "Knighthood Blitz"]
[Site "Vishy Anand Arena"]
[Date "2020.08.01"]
[Round "2"]
[White "Openyagami"]
[Black "Mbachez90"]
[Result "1-0"]
[WhiteElo "1620"]
[BlackElo "2186"]
[Annotator "NA"]
[PlyCount "121"]
[EventDate "2020.08.01"]
[EventType "swiss (blitz)"]

1. Nf3 Nf6 2. c4 c6 3. e3 d5 4. d4 Bf5 5. cxd5 cxd5 6. Nc3 Nc6 7. Ne5 Bd7 8. Bd3 e6 9. O-O Be7 10. f4 O-O 11. Qf3 Rc8 12. Qh3 Nb4 13. Bb1 g6 14. a3 Nc6 15. Bd2 Na5 16. Ba2 Nc4 17. Nxc4 dxc4 18. Rad1 Bc6 19. Bxc4 Bxg2 20. Qxg2 Rxc4 21. Qxb7 Rc7 22. Qf3 Qd7 23. Rc1 Rb8 24. b4 Rbc8 25. Ne4 Kg7 26. Nc5 Qd5 27. Qxd5 exd5 28. Na6 Rc2 29. Rxc2 Rxc2 30. Bc1 Ne4 31. Nc5 Bxc5 32. dxc5 f5 33. a4 a5 34. bxa5 Rxc5 35. Bb2+ Kf7 36. Rc1 Rxa5 37. Rc7+ Ke6 38. Rxh7 Rxa4 39. Rg7 Ra2 40. Bd4 Nf2 41. Rxg6+ Ke7 42. Rg7+ Ke6 43. Rg3 Ne4 44. Rg6+ Ke7 45. h4 Kf7 46. Rg7+ Kf8 47. h5 Nd2 48. Rg3 Ne4 49. Rg2 Ra1+ 50. Kh2 Ra6 51. Kh3 Rh6 52. Kh4 Rh7 53. Rg6 Kf7 54. Rb6 Nd2 55. h6 Nf3+ 56. Kh5 Kg8 57. Rb8+ Kf7 58. Rb7+ Kg8 59. Bg7 d4 60. exd4 Nd2 61. Kg6 1-0

[Event "Knighthood Blitz"]
[Site "Vishy Anand Arena"]
[Date "2020.08.01"]
[Round "2"]
[White "Rahulraj"]
[Black "Monideepbanerjee"]
[Result "1-0"]
[WhiteElo "1620"]
[BlackElo "1669"]
[Annotator "NA"]
[PlyCount "85"]
[EventDate "2020.08.01"]
[EventType "swiss (blitz)"]

1. d4 d5 2. Nf3 e6 3. e3 c5 4. Bd3 cxd4 5. exd4 Nc6 6. Be3 Be7 7. O-O Nf6 8. c3 O-O 9. Nbd2 Nd7 10. Re1 f5 11. Bf4 Bf6 12. Ne5 Ncxe5 13. dxe5 Bg5 14. Qf3 Bxf4 15. Qxf4 Nc5 16. Bc2 b6 17. Nf3 h6 18. Nd4 Qg5 19. Qxg5 hxg5 20. a4 a5 21. Rac1 Re8 22. Nb5 Re7 23. Nd6 Ne4 24. f3 Nxd6 25. exd6 Re8 26. Bxf5 Bd7 27. Bg6 Rec8 28. b3 Rc6 29. c4 dxc4 30. Rxc4 Rxd6 31. Rc7 Rd8 32. Rec1 Kf8 33. Bh5 Ke7 34. Bg4 Kf6 35. Rb7 Be8 36. Rcc7 Rd1+ 37. Kf2 R1d2+ 38. Kg3 Rb2 39. Rxb6 Rdd2 40. Bh3 Bd7 41. Rxd7 Rxd7 42. Rxe6+ Kf7 43. Ra6 1-0

[Event "Knighthood Blitz"]
[Site "Vishy Anand Arena"]
[Date "2020.08.01"]
[Round "2"]
[White "Sanjo_hunter"]
[Black "Acxea"]
[Result "0-1"]
[WhiteElo "1620"]
[BlackElo "2234"]
[PlyCount "82"]
[EventDate "2020.08.01"]
[EventType "swiss (blitz)"]

1. e4 c5 2. Bc4 e6 3. Nf3 Nc6 4. d3 a6 5. a4 Qc7 6. Ba2 Nf6 7. Bg5 Be7 8. h3 O-O 9. Nbd2 b5 10. a5 Bb7 11. Nf1 Qxa5+ 12. Bd2 Qc7 13. Ng3 d5 14. exd5 exd5 15. O-O Rfe8 16. Bg5 h6 17. Bxf6 Bxf6 18. Bxd5 Bxb2 19. Rb1 Bf6 20. Qd2 Rad8 21. Be4 Nd4 22. Nxd4 Bxd4 23. Bxb7 Qxb7 24. Nh5 Qd5 25. Nf4 Qg5 26. Rbe1 b4 27. Re4 Rxe4 28. dxe4 Be5 29. Nd5 Qxd2 30. Ne7+ Kf8 31. Nf5 a5 32. Ne3 a4 33. Nc4 Qc3 34. Ne3 a3 35. Nd5 Qxc2 36. Ne3 Qxe4 37. Ng4 a2 38. Nxe5 Qxe5 39. Re1 a1=Q 40. Rxa1 Qxa1+ 41. Kh2 Qe5+ 0-1

[Event "Knighthood Blitz"]
[Site "Vishy Anand Arena"]
[Date "2020.08.01"]
[Round "2"]
[White "duvvaabbulu"]
[Black "prasanthkp1"]
[Result "1-0"]
[WhiteElo "1620"]
[BlackElo "1188"]
[Annotator "NA"]
[PlyCount "47"]
[EventDate "2020.08.01"]
[EventType "swiss (blitz)"]

1. e4 e5 2. Nf3 d5 3. exd5 Qxd5 4. Nc3 Qe6 5. d3 h6 6. Be2 Bb4 7. Bd2 Bxc3 8. Bxc3 Nc6 9. Qd2 Bd7 10. Qe3 O-O-O 11. O-O f6 12. d4 Qd6 13. dxe5 fxe5 14. Bxe5 Qd5 15. c4 Qf7 16. Qc5 b6 17. Qa3 Re8 18. Qc3 Nxe5 19. Nxe5 Qh5 20. Bxh5 Rf8 21. Ng6 Nf6 22. Nxh8 Rxh8 23. Bf3 Rf8 24. c5 1-0

[Event "Knighthood Blitz"]
[Site "Vishy Anand Arena"]
[Date "2020.08.01"]
[Round "2"]
[White "sohanpatnaik"]
[Black "Renier Gonsalves"]
[Result "0-1"]
[WhiteElo "1620"]
[BlackElo "1298"]
[Annotator "NA"]
[PlyCount "50"]
[EventDate "2020.08.01"]
[EventType "swiss (blitz)"]

1. Nf3 d5 2. d3 Nf6 3. e4 dxe4 4. Ng5 exd3 5. Bxd3 e6 6. Nxf7 Kxf7 7. O-O Bd6 8. Nc3 Nc6 9. Bg5 h6 10. Bxf6 Qxf6 11. Qh5+ g6 12. Qg4 Qg5 13. Qf3+ Qf6 14. Qg4 Ne5 15. Qe4 Nxd3 16. cxd3 Qe5 17. Qf3+ Ke7 18. g3 Qf5 19. Qe2 Rf8 20. Rae1 b6 21. d4 Qf3 22. Qd3 Qxd3 23. Rd1 Qf3 24. Rfe1 Bb7 25. Kf1 Qxf2# 0-1

[Event "Knighthood Blitz"]
[Site "Vishy Anand Arena"]
[Date "2020.08.01"]
[Round "2"]
[White "theraisingsun"]
[Black "F Manish Anto Cristiano"]
[Result "0-1"]
[WhiteElo "1620"]
[BlackElo "1620"]
[Annotator "NA"]
[PlyCount "112"]
[EventDate "2020.08.01"]
[EventType "swiss (blitz)"]

1. e4 c5 2. Bc4 Nc6 3. d3 e6 4. a3 d5 5. Ba2 Nf6 6. exd5 exd5 7. Ne2 Bd6 8. O-O O-O 9. Ng3 h6 10. d4 Nxd4 11. c3 Nc6 12. Bxd5 Bxg3 13. Bxf7+ Kxf7 14. Qb3+ Qd5 15. Qxd5+ Nxd5 16. fxg3+ Kg8 17. Rd1 Be6 18. Nd2 Rad8 19. Nf3 b6 20. c4 Nc7 21. Bf4 Na6 22. Rd2 Bxc4 23. Rad1 Rxd2 24. Rxd2 Rd8 25. Rxd8+ Nxd8 26. Ne5 Bd5 27. Ng6 Kf7 28. Ne5+ Ke6 29. Nd3 Nc6 30. Nf2 c4 31. Nd1 Nc5 32. Nc3 a6 33. Be3 Nd7 34. Na4 b5 35. Nc3 Nf6 36. Ne2 Kd7 37. Bc5 Ne4 38. Bb6 a5 39. Nf4 Bf7 40. Ne2 b4 41. axb4 axb4 42. Nc1 c3 43. bxc3 Nxc3 44. Be3 b3 45. Nd3 Na4 46. Bd4 Nxd4 47. Kf2 b2 48. Ke3 b1=Q 49. Kxd4 Qd1 50. Ke3 Bg6 51. Ne5+ Ke6 52. Nxg6 Qb3+ 53. Kf4 Qc4+ 54. Kf3 Qd3+ 55. Kf2 Qxg6 56. Kf1 Qd3+ 0-1

[Event "Knighthood Blitz"]
[Site "Vishy Anand Arena"]
[Date "2020.08.01"]
[Round "2"]
[White "vaibhavgautam"]
[Black "Architsaigal"]
[Result "1-0"]
[WhiteElo "1620"]
[BlackElo "1603"]
[Annotator "NA"]
[PlyCount "35"]
[EventDate "2020.08.01"]
[EventType "swiss (blitz)"]

1. d4 d5 2. Bf4 Nf6 3. e3 c5 4. c3 Nc6 5. Nd2 e6 6. Ngf3 Bd6 7. Bg3 O-O 8. Bd3 cxd4 9. O-O dxe3 10. fxe3 Qc7 11. Bxd6 Qxd6 12. Ng5 Ne5 13. Rxf6 Nxd3 14. Qh5 h6 15. Rxh6 gxh6 16. Qxh6 Rd8 17. Qh7+ Kf8 18. Qxf7# 1-0

[Event "Knighthood Blitz"]
[Site "Vishy Anand Arena"]
[Date "2020.08.01"]
[Round "2"]
[White "SubashRaj"]
[Black "Chessplayer324"]
[Result "1-0"]
[WhiteElo "1614"]
[BlackElo "1235"]
[Annotator "NA"]
[PlyCount "95"]
[EventDate "2020.08.01"]
[EventType "swiss (blitz)"]

1. c4 e5 2. g3 Nc6 3. Bg2 d6 4. Nc3 Nf6 5. e4 g6 6. Nge2 Bg7 7. d3 O-O 8. h3 a6 9. O-O Nd7 10. Be3 Nd4 11. Bxd4 exd4 12. Nd5 c6 13. Nb4 a5 14. Nc2 Nc5 15. Ncxd4 f5 16. exf5 Bxd4 17. Nxd4 Bxf5 18. Nxf5 Rxf5 19. g4 Rf4 20. d4 Ne6 21. d5 cxd5 22. Bxd5 Kg7 23. Bxe6 Qh4 24. Kg2 Re8 25. Qd5 h5 26. Qxd6 hxg4 27. Qxf4 Qxh3+ 28. Kg1 Rxe6 29. Qh2 Qxh2+ 30. Kxh2 Re5 31. Rg1 Rh5+ 32. Kg3 Kf6 33. Kxg4 Rg5+ 34. Kf3 Rf5+ 35. Ke2 g5 36. Rad1 Re5+ 37. Kf1 Kf5 38. Rd5 g4 39. Rxe5+ Kxe5 40. Rxg4 Kd6 41. Rh4 Kc6 42. Rh5 Kb6 43. Ke2 Ka6 44. b3 b5 45. Rh6+ Ka7 46. cxb5 Kb8 47. Rh7 Ka8 48. f4 1-0

[Event "Knighthood Blitz"]
[Site "Vishy Anand Arena"]
[Date "2020.08.01"]
[Round "2"]
[White "Rakeshkul"]
[Black "Vinniethepooh"]
[Result "1-0"]
[WhiteElo "1609"]
[BlackElo "2243"]
[PlyCount "77"]
[EventDate "2020.08.01"]
[EventType "swiss (blitz)"]

1. e4 c5 2. Nf3 d6 3. d4 cxd4 4. Nxd4 Nf6 5. Nc3 a6 6. Bd3 e5 7. Nf3 Be7 8. Ne2 O-O 9. Ng3 g6 10. Bh6 Re8 11. h4 Ng4 12. Qd2 Nxh6 13. Qxh6 Bf8 14. Qd2 h5 15. O-O-O Nc6 16. Kb1 Be6 17. Ng5 Bh6 18. Nxe6 Rxe6 19. Qxh6 Qf6 20. Bc4 Ree8 21. Nxh5 Qh8 22. Qxh8+ Kxh8 23. Nf6 Red8 24. Nd5 Kg7 25. Bb3 Nd4 26. c3 Ne6 27. f3 Rac8 28. g4 Rh8 29. h5 b5 30. hxg6 Nc5 31. Rxh8 Rxh8 32. gxf7 Rh3 33. Nc7 Nxb3 34. axb3 Kxf7 35. Nxa6 Rxf3 36. Nc7 Rf4 37. Nxb5 Rxg4 38. Nxd6+ Ke6 39. c4 1-0

[Event "Knighthood Blitz"]
[Site "Vishy Anand Arena"]
[Date "2020.08.01"]
[Round "2"]
[White "Beradia"]
[Black "Cheetah2020"]
[Result "1-0"]
[WhiteElo "1604"]
[BlackElo "1412"]
[Annotator "NA"]
[PlyCount "67"]
[EventDate "2020.08.01"]
[EventType "swiss (blitz)"]

1. e4 e5 2. Nf3 Nf6 3. Be2 d6 4. Nc3 Bg4 5. d4 exd4 6. Nxd4 Bxe2 7. Qxe2 Nc6 8. Nxc6 bxc6 9. Bg5 Be7 10. O-O-O O-O 11. e5 d5 12. exf6 Bxf6 13. Bxf6 Qxf6 14. g3 Rae8 15. Qd3 d4 16. Ne4 Qe5 17. f3 Qxe4 18. fxe4 c5 19. Rdf1 f6 20. Qc4+ Kh8 21. Rf4 h6 22. h4 Re7 23. Qxc5 Rfe8 24. Re1 Re5 25. Qxc7 R8e7 26. Qc6 R7e6 27. Qc4 Rxe4 28. Rfxe4 Rxe4 29. Rxe4 a5 30. Re8+ Kh7 31. Qd3+ g6 32. Qxd4 h5 33. Qxf6 a4 34. Rh8# 1-0

[Event "Knighthood Blitz"]
[Site "Vishy Anand Arena"]
[Date "2020.08.01"]
[Round "2"]
[White "Ym27"]
[Black "Lazylemon123"]
[Result "0-1"]
[WhiteElo "1594"]
[BlackElo "1620"]
[Annotator "NA"]
[PlyCount "122"]
[EventDate "2020.08.01"]
[EventType "swiss (blitz)"]

1. e4 e5 2. Nf3 Nc6 3. Bc4 Nf6 4. Nc3 h6 5. d3 Bc5 6. a3 d6 7. h3 a6 8. Bd2 Bd7 9. Ba2 Qe7 10. Nd5 Nxd5 11. Bxd5 O-O-O 12. Qe2 Qe8 13. O-O-O Ne7 14. Bb3 Nc6 15. Qe1 Nd4 16. Nxd4 Bxd4 17. Be3 Bxe3+ 18. Qxe3 Be6 19. Bxe6+ Qxe6 20. Kb1 Kb8 21. d4 exd4 22. Qxd4 g6 23. Rhe1 Rhe8 24. Qc3 Qe5 25. Qb3 Qf4 26. f3 Qg3 27. Rg1 Qe5 28. Qxf7 g5 29. Qb3 Qf4 30. Rdf1 Re5 31. g3 Qf6 32. Qc3 Qe6 33. h4 Rc5 34. Qb3 Qe5 35. hxg5 Rb5 36. Qa2 hxg5 37. Re1 Rf8 38. f4 gxf4 39. gxf4 Rxf4 40. Rg8+ Ka7 41. Rgg1 Rxe4 42. Rxe4 Qxe4 43. Rc1 Qe5 44. b3 Rc5 45. Qb2 Qxb2+ 46. Kxb2 Kb6 47. b4 Rf5 48. Kb3 a5 49. c3 axb4 50. axb4 c5 51. bxc5+ dxc5 52. Re1 Ka5 53. Ra1+ Kb5 54. Ra7 b6 55. Kc2 Kc4 56. Rb7 b5 57. Ra7 Rf2+ 58. Kb1 Kxc3 59. Ra5 b4 60. Rxc5+ Kb3 61. Rb5 Rf1# 0-1

[Event "Knighthood Blitz"]
[Site "Vishy Anand Arena"]
[Date "2020.08.01"]
[Round "2"]
[White "HarshPandit"]
[Black "SudiNarayana"]
[Result "1-0"]
[WhiteElo "1591"]
[BlackElo "1620"]
[Annotator "NA"]
[PlyCount "37"]
[EventDate "2020.08.01"]
[EventType "swiss (blitz)"]

1. d4 d5 2. Nf3 Nc6 3. Bf4 Bf5 4. a3 f6 5. e3 e5 6. dxe5 fxe5 7. Nxe5 Nxe5 8. Bxe5 Bc5 9. Bxg7 Bb4+ 10. axb4 Ne7 11. Bxh8 Qd6 12. Bc3 O-O-O 13. Rxa7 Kb8 14. Ra1 Ng6 15. Bd3 Bxd3 16. Qxd3 b6 17. Qa6 Qc6 18. b5 Qe8 19. Qa8# 1-0

[Event "Knighthood Blitz"]
[Site "Vishy Anand Arena"]
[Date "2020.08.01"]
[Round "2"]
[White "HRICK2008"]
[Black "PrabhuBadkas"]
[Result "0-1"]
[WhiteElo "1534"]
[BlackElo "1429"]
[Annotator "NA"]
[PlyCount "94"]
[EventDate "2020.08.01"]
[EventType "swiss (blitz)"]

1. d4 Nf6 2. Bg5 d5 3. Bxf6 exf6 4. Nf3 Bd6 5. e3 Bf5 6. Bd3 Be4 7. O-O O-O 8. h3 f5 9. Nc3 Nc6 10. Qe2 Qf6 11. Qd2 Qg6 12. Bxe4 fxe4 13. Ne5 Nxe5 14. dxe5 Bxe5 15. Qxd5 Rfe8 16. Rad1 Bd6 17. a3 h6 18. Ne2 Re5 19. Qd4 Rg5 20. g3 Qe6 21. Nf4 Bxf4 22. exf4 Rg6 23. Rfe1 Qxh3 24. Qxe4 Re6 25. Qg2 Qg4 26. Rxe6 Qxe6 27. Qxb7 Re8 28. Qf3 a5 29. c3 Qb3 30. Rd2 c5 31. Kg2 c4 32. Qd5 a4 33. Rd4 Qxb2 34. Rxc4 Re2 35. Qd4 Qxa3 36. Rxa4 Qb2 37. c4 Qxd4 38. Ra8+ Kh7 39. Kh3 Qd7+ 40. Kg2 Qc6+ 41. Kf1 Qxa8 42. Kxe2 Qe4+ 43. Kd2 Qxc4 44. Ke3 g5 45. Kf3 gxf4 46. gxf4 Qd5+ 47. Kg4 h5+ 0-1

[Event "Knighthood Blitz"]
[Site "Vishy Anand Arena"]
[Date "2020.08.01"]
[Round "2"]
[White "Enthusiast"]
[Black "Shahildey"]
[Result "0-1"]
[WhiteElo "1528"]
[BlackElo "2138"]
[PlyCount "66"]
[EventDate "2020.08.01"]
[EventType "swiss (blitz)"]

1. e4 c5 2. Nf3 e6 3. d4 cxd4 4. Nxd4 a6 5. Nc3 Qc7 6. Be3 Nf6 7. Be2 Bb4 8. O-O O-O 9. Qd3 Be7 10. f4 d6 11. f5 e5 12. Nf3 b5 13. a3 Bb7 14. h3 Nbd7 15. Rad1 Nc5 16. Bxc5 Qxc5+ 17. Kh1 Nh5 18. Nxe5 Qxe5 19. Bxh5 Rad8 20. Qf3 Bf6 21. Qf4 Qc5 22. Bf3 Be5 23. Qg4 Bxc3 24. bxc3 Qxc3 25. f6 Qxf6 26. Qg3 Qe5 27. Qf2 Rfe8 28. Rde1 Qc5 29. Qxc5 dxc5 30. e5 Re7 31. Bxb7 Rxb7 32. e6 fxe6 33. Rxe6 Rbd7 0-1

[Event "Knighthood Blitz"]
[Site "Vishy Anand Arena"]
[Date "2020.08.01"]
[Round "2"]
[White "Gingeekannan"]
[Black "Perseus226"]
[Result "0-1"]
[WhiteElo "1507"]
[BlackElo "1906"]
[Annotator "NA"]
[PlyCount "102"]
[EventDate "2020.08.01"]
[EventType "swiss (blitz)"]

1. e4 e6 2. d4 d5 3. Nc3 Bb4 4. e5 c5 5. Bd2 cxd4 6. Nb5 Bf8 7. f4 Nc6 8. Nf3 a6 9. Nbxd4 Nge7 10. Bd3 Qb6 11. Bc3 Ng6 12. g3 Bc5 13. Be2 Nge7 14. Qd2 g6 15. O-O-O Nf5 16. Nxf5 gxf5 17. Nd4 Bd7 18. Kb1 Rc8 19. Nxf5 exf5 20. e6 d4 21. exd7+ Kxd7 22. Bxd4 Nxd4 23. c3 Kc7 24. cxd4 Bb4 25. Rc1+ Kb8 26. Qe3 a5 27. Qe5+ Ka8 28. Rxc8+ Rxc8 29. Rc1 Rxc1+ 30. Kxc1 Qc6+ 31. Kd1 Qh1+ 32. Kc2 Qc6+ 33. Kb3 Qc1 34. Qe8+ Ka7 35. Bf3 Qd2 36. Qe2 Qxe2 37. Bxe2 Bd6 38. Kc4 Kb6 39. Kd5 Bf8 40. a3 Kc7 41. Ke5 b6 42. Kxf5 Kd6 43. Kf6 Kd5 44. Kxf7 Bd6 45. Kg7 Kxd4 46. Kxh7 Bc5 47. f5 Ke3 48. Kg6 Kxe2 49. f6 Kf2 50. f7 Kg2 51. Kg7 Bf8+ 0-1

[Event "Knighthood Blitz"]
[Site "Vishy Anand Arena"]
[Date "2020.08.01"]
[Round "2"]
[White "Gonda"]
[Black "Varun_nair"]
[Result "0-1"]
[WhiteElo "1504"]
[BlackElo "1629"]
[Annotator "NA"]
[PlyCount "104"]
[EventDate "2020.08.01"]
[EventType "swiss (blitz)"]

1. e4 c5 2. Nf3 e6 3. d4 cxd4 4. Nxd4 a6 5. Nc3 Nc6 6. Nf3 Nf6 7. Bd3 Qc7 8. O-O Bc5 9. h3 O-O 10. b3 h6 11. Bb2 b5 12. Ne2 Bb7 13. Rc1 Ne8 14. c4 d6 15. cxb5 axb5 16. Bxb5 Rxa2 17. Bd4 Ba3 18. Ra1 Rxa1 19. Qxa1 Bc5 20. Bxc5 dxc5 21. Rc1 Nd4 22. Nexd4 Qb6 23. Bc4 Bxe4 24. Ne2 Nd6 25. Ne5 Nxc4 26. bxc4 Ra8 27. Qc3 Qd6 28. Ng4 f5 29. Ne3 Bc6 30. Ng3 f4 31. Ng4 fxg3 32. fxg3 Qe7 33. Kh2 Qg5 34. Qe5 Qxe5 35. Nxe5 Be8 36. Re1 Rc8 37. Nd3 Rc6 38. Re5 Bd7 39. Rxc5 Rxc5 40. Nxc5 Bc8 41. g4 Kf7 42. Kg3 Ke7 43. Kf4 Kd6 44. Ne4+ Kc6 45. c5 Kb5 46. Ke5 Kc4 47. Kd6 g6 48. c6 Kb5 49. c7 Kb6 50. Nf6 Kb7 51. Ne8 Kb6 52. Ke7 Kb7 0-1

[Event "Knighthood Blitz"]
[Site "Vishy Anand Arena"]
[Date "2020.08.01"]
[Round "2"]
[White "Sohamshirode28"]
[Black "Karsanjib"]
[Result "1-0"]
[WhiteElo "1486"]
[BlackElo "1333"]
[Annotator "NA"]
[PlyCount "61"]
[EventDate "2020.08.01"]
[EventType "swiss (blitz)"]

1. c4 e5 2. g3 Nf6 3. Bg2 d5 4. cxd5 Nxd5 5. Nc3 c6 6. Nf3 Bd6 7. d3 O-O 8. O-O Be6 9. Qc2 Nd7 10. Bd2 N7b6 11. a3 f5 12. b4 a5 13. b5 f4 14. bxc6 bxc6 15. Ne4 Rc8 16. d4 exd4 17. Nxd4 Bf7 18. Bxa5 Re8 19. Nc5 Bxc5 20. Qxc5 Qe7 21. Bxb6 Nxb6 22. Qxb6 Qd7 23. Bxc6 Qc7 24. Qxc7 Rxc7 25. Bxe8 Rd7 26. Rac1 Bxe8 27. Nf3 Rd4 28. Rfd1 Rd7 29. Ne5 Re7 30. Rd7 Rxd7 31. Nxd7 1-0

[Event "Knighthood Blitz"]
[Site "Vishy Anand Arena"]
[Date "2020.08.01"]
[Round "2"]
[White "Indrajeet4ever"]
[Black "slienteyes"]
[Result "1-0"]
[WhiteElo "1485"]
[BlackElo "2144"]
[PlyCount "59"]
[EventDate "2020.08.01"]
[EventType "swiss (blitz)"]

1. d4 Nf6 2. Bf4 d5 3. e3 g6 4. Nc3 Bg7 5. Qd2 c6 6. h4 h5 7. Bd3 Nbd7 8. Nf3 O-O 9. O-O-O c5 10. Rdg1 c4 11. Be2 a6 12. Nh2 b5 13. g4 b4 14. Nb1 c3 15. bxc3 Ne4 16. Qe1 bxc3 17. f3 Qb6 18. Nxc3 Nxc3 19. Qxc3 Nf6 20. gxh5 Nxh5 21. Ng4 Bf5 22. Bd3 Rfc8 23. Qd2 Bxd3 24. Qxd3 Nxf4 25. exf4 Bxd4 26. Rd1 Bc3 27. Rd2 Qb2+ 28. Kd1 Qb1+ 29. Ke2 Qg1 30. Rxg1 1-0

[Event "Knighthood Blitz"]
[Site "Vishy Anand Arena"]
[Date "2020.08.01"]
[Round "2"]
[White "suresh agarwal"]
[Black "Babykandy"]
[Result "0-1"]
[WhiteElo "1482"]
[BlackElo "1620"]
[Annotator "NA"]
[PlyCount "56"]
[EventDate "2020.08.01"]
[EventType "swiss (blitz)"]

1. e4 c5 2. Nf3 d6 3. Bb5+ Bd7 4. Bxd7+ Qxd7 5. O-O Nc6 6. Nc3 Nf6 7. d3 e6 8. h3 Be7 9. b3 O-O 10. Bb2 d5 11. exd5 exd5 12. Re1 Rfe8 13. Qd2 Rad8 14. Qf4 Bd6 15. Qg5 h6 16. Qh4 d4 17. Nb5 Nb4 18. Nxd6 Qxd6 19. Rac1 Rxe1+ 20. Nxe1 Re8 21. f3 Qe5 22. Kf1 Nh5 23. a3 Nd5 24. Rd1 Ne3+ 25. Kf2 Nxd1+ 26. Kf1 Ng3+ 27. Qxg3 Qxg3 28. Bxd4 Rxe1# 0-1

[Event "Knighthood Blitz"]
[Site "Vishy Anand Arena"]
[Date "2020.08.01"]
[Round "2"]
[White "Quality_959"]
[Black "Devraj"]
[Result "1-0"]
[WhiteElo "1475"]
[BlackElo "1454"]
[Annotator "NA"]
[PlyCount "45"]
[EventDate "2020.08.01"]
[EventType "swiss (blitz)"]

1. d4 d5 2. Bf4 Bf5 3. e3 Nc6 4. Bb5 Qd7 5. Nf3 a6 6. Ne5 Qe6 7. Bxc6+ bxc6 8. Nd2 f6 9. Nef3 O-O-O 10. Qe2 g5 11. Qxa6+ Kd7 12. Bg3 Bg4 13. Qb7 Rc8 14. O-O Bxf3 15. Nxf3 g4 16. Nd2 Nh6 17. Rfe1 Nf5 18. e4 Nd6 19. Bxd6 Qxd6 20. exd5 cxd5 21. c4 Bh6 22. c5 Qc6 23. Rxe7+ 1-0

[Event "Knighthood Blitz"]
[Site "Vishy Anand Arena"]
[Date "2020.08.01"]
[Round "2"]
[White "Syamantak"]
[Black "adireddyarjun"]
[Result "0-1"]
[WhiteElo "1471"]
[BlackElo "1402"]
[Annotator "NA"]
[PlyCount "60"]
[EventDate "2020.08.01"]
[EventType "swiss (blitz)"]

1. d4 d5 2. Nf3 Nf6 3. Bf4 c5 4. e3 e6 5. c4 Nc6 6. Nc3 dxc4 7. Bxc4 cxd4 8. Nxd4 Nxd4 9. Qxd4 Qxd4 10. exd4 Bb4 11. O-O O-O 12. a3 Bxc3 13. bxc3 b6 14. Rfe1 Bb7 15. Rad1 Rac8 16. Be2 Rxc3 17. Be5 Nd5 18. Ra1 Rfc8 19. Bf3 Rc2 20. a4 a6 21. a5 b5 22. Kf1 R8c3 23. Bd6 Rb2 24. Bc5 Rcc2 25. Bxd5 Bxd5 26. Rac1 Rxf2+ 27. Kg1 Rxg2+ 28. Kh1 Rxh2+ 29. Kg1 Rbg2+ 30. Kf1 Rh1# 0-1

[Event "Knighthood Blitz"]
[Site "Vishy Anand Arena"]
[Date "2020.08.01"]
[Round "2"]
[White "Arya321_dm"]
[Black "Junosource"]
[Result "1-0"]
[WhiteElo "1469"]
[BlackElo "2094"]
[Annotator "NA"]
[PlyCount "43"]
[EventDate "2020.08.01"]
[EventType "swiss (blitz)"]

1. d4 Nf6 2. c4 e6 3. Nc3 Bb4 4. Qc2 d5 5. a3 Bxc3+ 6. bxc3 O-O 7. Bg5 h6 8. Bxf6 Qxf6 9. e3 c5 10. Nf3 Nc6 11. Rd1 dxc4 12. Bxc4 e5 13. dxc5 Bg4 14. Rd6 Qe7 15. Qg6 Bxf3 16. gxf3 Kh8 17. Qh5 f5 18. Rg1 Rf6 19. Rg6 Raf8 20. Rgxf6 Rxf6 21. Rxf6 gxf6 22. Qxh6+ 1-0

[Event "Knighthood Blitz"]
[Site "Vishy Anand Arena"]
[Date "2020.08.01"]
[Round "2"]
[White "Shubham37908"]
[Black "Cool_chess"]
[Result "1-0"]
[WhiteElo "1437"]
[BlackElo "1522"]
[Annotator "NA"]
[PlyCount "95"]
[EventDate "2020.08.01"]
[EventType "swiss (blitz)"]

1. d4 Nf6 2. Nc3 g6 3. Bg5 Bg7 4. e4 d6 5. Nf3 O-O 6. Bxf6 Bxf6 7. Bc4 e6 8. Qd3 Nc6 9. a3 Ne7 10. O-O-O c6 11. Kb1 b5 12. Bb3 a5 13. g4 a4 14. Ba2 Ba6 15. Qe3 Rb8 16. g5 Bg7 17. h4 b4 18. axb4 Rxb4 19. h5 Qb6 20. b3 axb3 21. Bxb3 Rb8 22. Na4 Qa5 23. Kc1 Bc4 24. Nd2 Bxb3 25. cxb3 Bxd4 26. Qd3 Qxg5 27. Kc2 Rxa4 28. bxa4 Qc5+ 29. Nc4 Rb4 30. Qxd4 Rxc4+ 31. Qxc4 Qxc4+ 32. Kd2 Qxe4 33. hxg6 fxg6 34. Ra1 Qd4+ 35. Ke2 Nf5 36. a5 Qb2+ 37. Kf3 Nd4+ 38. Kg3 Ne2+ 39. Kg2 Nf4+ 40. Kf3 Nd3 41. Rhf1 Nxf2 42. a6 Nd3 43. a7 Qf6+ 44. Ke2 Nf4+ 45. Rxf4 Qxa1 46. a8=Q+ Qxa8 47. Re4 c5 48. Rxe6 1-0

[Event "Knighthood Blitz"]
[Site "Vishy Anand Arena"]
[Date "2020.08.01"]
[Round "2"]
[White "divyang2003"]
[Black "Sohammdh"]
[Result "1/2-1/2"]
[WhiteElo "1428"]
[BlackElo "1434"]
[Annotator "NA"]
[PlyCount "106"]
[EventDate "2020.08.01"]
[EventType "swiss (blitz)"]

1. e4 c5 2. Nf3 d6 3. b3 Nc6 4. Bb2 e5 5. c3 Be6 6. d4 cxd4 7. cxd4 exd4 8. Nxd4 Nxd4 9. Qxd4 Nf6 10. Nd2 Be7 11. Bd3 O-O 12. O-O Qb6 13. Qxb6 axb6 14. Nf3 Nd7 15. Rfe1 Nc5 16. Bc2 Ra7 17. b4 Nd7 18. a3 Rfa8 19. Re3 Bf8 20. Nd4 Ne5 21. Nxe6 fxe6 22. Bxe5 dxe5 23. h3 Bxb4 24. Rb3 Bc5 25. Rd3 Rxa3 26. Rdxa3 Rxa3 27. Rxa3 Bxa3 28. Kf1 Kf7 29. Ke2 Ke7 30. f3 Kd6 31. Kd3 Bc5 32. Bb3 b5 33. Kc3 b6 34. Kd3 h6 35. Kc3 g5 36. g4 Ke7 37. Kd3 Bd4 38. Ke2 b4 39. Kd3 b5 40. Ke2 Kd6 41. Kd3 Bc3 42. Ke2 Kc5 43. Kd3 Ba1 44. Bxe6 Bc3 45. Bb3 Ba1 46. Bg8 b3 47. Bxb3 Kb4 48. Kc2 Ka3 49. Be6 b4 50. Bd5 Bd4 51. Bb3 Bc3 52. Be6 Bd4 53. Bb3 Bc3 1/2-1/2

[Event "Knighthood Blitz"]
[Site "Vishy Anand Arena"]
[Date "2020.08.01"]
[Round "2"]
[White "ThakurUdaiveer"]
[Black "Angappan"]
[Result "0-1"]
[WhiteElo "1313"]
[BlackElo "1391"]
[Annotator "NA"]
[PlyCount "108"]
[EventDate "2020.08.01"]
[EventType "swiss (blitz)"]

1. d4 d5 2. Nf3 e6 3. Bf4 Nf6 4. e3 Be7 5. Bd3 O-O 6. O-O Nbd7 7. Nbd2 b6 8. c3 Bb7 9. Qc2 c5 10. b3 Rc8 11. c4 Re8 12. Rfe1 a6 13. e4 dxe4 14. Nxe4 Nxe4 15. Bxe4 Bxe4 16. Qxe4 Nf6 17. Qd3 cxd4 18. Qxd4 Qxd4 19. Nxd4 Bc5 20. Nf3 Red8 21. Rad1 Bb4 22. Rxd8+ Rxd8 23. Rc1 Ne4 24. Bc7 Rd7 25. Bxb6 Ba3 26. c5 Bxc1 27. h3 Rd1+ 28. Kh2 Nxf2 29. Kg3 Ne4+ 30. Kh2 Bf4+ 31. g3 Bb8 32. c6 Rc1 33. Ne5 Rc2+ 34. Kh1 Bxe5 35. c7 Bxc7 36. Bxc7 Rxc7 37. Kg2 Rc2+ 38. Kf3 Nf6 39. Kf4 Rxa2 40. g4 Ra3 41. g5 Nd5+ 42. Ke4 Rxb3 43. Ke5 Rxh3 44. g6 hxg6 45. Ke4 Re3+ 46. Kd4 a5 47. Kc5 a4 48. Kd6 a3 49. Kd7 a2 50. Kd6 a1=Q 51. Kd7 Qa6 52. Kd8 Rb3 53. Kd7 Rb7+ 54. Ke8 Qa8# 0-1

[Event "Knighthood Blitz"]
[Site "Vishy Anand Arena"]
[Date "2020.08.01"]
[Round "2"]
[White "Adityaghule"]
[Black "Pranav104"]
[Result "0-1"]
[WhiteElo "1297"]
[BlackElo "1084"]
[Annotator "NA"]
[PlyCount "24"]
[EventDate "2020.08.01"]
[EventType "swiss (blitz)"]

1. d4 e6 2. c4 Nc6 3. Nf3 d6 4. Nc3 e5 5. d5 Nb8 6. e4 Nf6 7. Be3 c6 8. h3 cxd5 9. cxd5 b5 10. Bxb5+ Bd7 11. Bxd7+ Qxd7 12. Qa4 Qxa4 0-1